| 000 -LEADER |
| fixed length control field |
01500pam a2200313 i 4500 |
| 003 - CONTROL NUMBER IDENTIFIER |
| control field |
KPN |
| 005 - DATE AND TIME OF LATEST TRANSACTION |
| control field |
20260413130017.0 |
| 008 - FIXED-LENGTH DATA ELEMENTS--GENERAL INFORMATION |
| fixed length control field |
20260413 |
| 020 ## - INTERNATIONAL STANDARD BOOK NUMBER |
| International Standard Book Number |
9789674499556 |
| Qualifying information |
paperback |
| Terms of availability |
RM12.00 |
| 040 ## - CATALOGING SOURCE |
| Transcribing agency |
KPN |
| 082 04 - DEWEY DECIMAL CLASSIFICATION NUMBER |
| Classification number |
BM FK NOR 2025 |
| Edition number |
23 |
| 090 00 - LOCALLY ASSIGNED LC-TYPE CALL NUMBER (OCLC); LOCAL CALL NUMBER (RLIN) |
| Classification number (OCLC) (R) ; Classification number, CALL (RLIN) (NR) |
BM FK NOR 2025 |
| Local cutter number (OCLC) ; Book number/undivided call number, CALL (RLIN) |
NOR |
| 100 0# - MAIN ENTRY--PERSONAL NAME |
| Personal name |
Nordin Hashim, |
| Relator term |
author. |
| 245 10 - TITLE STATEMENT |
| Title |
Geng budak F : |
| Remainder of title |
Misi Pecah Rekod! / |
| Statement of responsibility, etc. |
Nordin Hashim ; Editor : Asrul Adli ; Editor Pruf : Yoi ; Ilustrator Dalaman : Raby, Zaris Sambal. |
| 250 ## - EDITION STATEMENT |
| Edition statement |
Cetakan Pertama Edisi Kedua 2025. |
| 264 #1 - PRODUCTION, PUBLICATION, DISTRIBUTION, MANUFACTURE, AND COPYRIGHT NOTICE |
| Place of production, publication, distribution, manufacture |
Kuala Lumpur : |
| Name of producer, publisher, distributor, manufacturer |
Ana Muslim Sdn Bhd, |
| Date of production, publication, distribution, manufacture, or copyright notice |
2025 |
| 300 ## - PHYSICAL DESCRIPTION |
| Extent |
125 pages : |
| Other physical details |
colour illustrations ; |
| Dimensions |
17 cm. |
| 490 ## - SERIES STATEMENT |
| Series statement |
Siri Novel Mutiara Islami |
| 521 ## - TARGET AUDIENCE NOTE |
| Target audience note |
Firdaus, Felix dan Frawash, tiga sekawan dengan misi besar; pecahkan rekod sekolah dengan memperoleh semua 'A' dalam peperiksaan UASA! Namun, perjalanan mereka penuh onak dan duri. Firdaus hilang fokus apabila ibunya sakit. Zulhaziq, si kaki buli pula tak habis-habis mengacaunya. Ditambah pula apabila Cikgu Salim, guru yang menjadi inspirasi mereka terlibat dalam kemalangan. Subhanallah... Segalanya menjadi makin huru hara! Mampukan mereka manciota sejarah, atau semua usaha mereka bakal hancur? |
| 650 10 - SUBJECT ADDED ENTRY--TOPICAL TERM |
| Topical term or geographic name entry element |
Children's stories, Malay. |
|
| Topical term or geographic name entry element |
Malay fiction. |
|
| Topical term or geographic name entry element |
Graphic novels. |
| 700 0# - ADDED ENTRY--PERSONAL NAME |
| Personal name |
Asrul Adli, |
| Relator term |
editor. |
|
| Personal name |
Yoi, |
| Relator term |
editor. |
|
| Personal name |
Raby, |
| Relator term |
illustrator. |
|
| Personal name |
Zaris Sambal, |
| Relator term |
illustrator. |
| 830 #0 - SERIES ADDED ENTRY--UNIFORM TITLE |
| Uniform title |
Siri novel mutiara islami. |
| 942 ## - ADDED ENTRY ELEMENTS (KOHA) |
| Source of classification or shelving scheme |
|
| Koha item type |
Book |
| Suppress in OPAC |
No |